Leaf and shoot diseases (Record no. 50355)

MARC details
000 -LEADER
fixed length control field 00556nam a2200169Ia 4500
100 ## - MAIN ENTRY--AUTHOR NAME
Personal name Pillay P.N.R.
245 #0 - TITLE STATEMENT
Title Leaf and shoot diseases
260 ## - PUBLICATION, DISTRIBUTION, ETC. (IMPRINT)
Name of publisher In: Handbook of natural rubber production in India. (Ed. P.N. Radhakrishna Pillay). Rubber Research Institute of India, Kottayam, India, pp. 249-278.
Year of publication 1980
650 ## - SUBJECT ADDED ENTRY--TOPICAL TERM
Topical Term Abnormal leaf fall
650 ## - SUBJECT ADDED ENTRY--TOPICAL TERM
Topical Term Disease control
650 ## - SUBJECT ADDED ENTRY--TOPICAL TERM
Topical Term Leaf disease
650 ## - SUBJECT ADDED ENTRY--TOPICAL TERM
Topical Term Shoot disease
700 ## - ADDED ENTRY--PERSONAL NAME
Personal name George M.K.
700 ## - ADDED ENTRY--PERSONAL NAME
Personal name Rajalakshmy V.K.
942 ## - ADDED ENTRY ELEMENTS (KOHA)
Koha item type Bibliography STAF
Holdings
Withdrawn status Lost status Damaged status Not for loan Home library Current library Shelving location Date acquired Koha item type
      Bibliography RRII Library RRII Library Pathology 09/04/2014 Bibliography STAF